Statistics for Red Hot Chili Peppers "Dark Necessities" Lyrics

Click here to take the quiz!

General Stats

  • This quiz has been taken 43 times
  • The average score is 229 of 318

Answer Stats

Answer% Correct
dark
98%
Dark
98%
a
95%
design
95%
my
95%
necessities
95%
of
95%
You
95%
you
95%
are
93%
Do
93%
do
93%
part
93%
the
93%
The
93%
go
90%
I
90%
know
90%
mind
90%
don't
88%
kind
88%
say
80%
that
80%
we
80%
We
80%
What
80%
what
80%
away
78%
To
78%
to
78%
an
75%
it
75%
world
75%
and
73%
falling
73%
from
73%
got
73%
I'm
73%
see
73%
Coming
70%
on
70%
sky
70%
both
68%
for
68%
no
68%
out
65%
as
63%
day
63%
Everything
63%
has
63%
light
63%
So
63%
at
60%
in
60%
many
60%
me
60%
must
60%
Tell
60%
zodiac
60%
It's
58%
time
58%
moons
55%
smile
55%
deep
53%
hand
53%
play
53%
shadow's
53%
Yeah
53%
astronaut
50%
eye
50%
keep
50%
looking
50%
sneak
50%
down
48%
like
48%
same
48%
want
48%
Well
48%
your
48%
all
45%
cream
45%
ice
45%
that's
45%
yesterday
45%
by
43%
is
43%
maniac
43%
now
43%
up
43%
blow
40%
Blow
40%
command
40%
mine
40%
this
40%
afterthought
38%
Find
38%
lot
38%
love
38%
parking
38%
Playing
38%
touch
38%
Turn
38%
bit
35%
But
35%
heart
35%
shine
35%
attacked
33%
corner
33%
darkness
33%
move
30%
Stumble
30%
us
30%
breeze
28%
helps
28%
paperback
28%
Pick
28%
track
28%
unpack
28%
way
28%
With
28%
record
25%
spark
25%
Spinning
23%
They're
23%
Any
20%
roll
20%
knot
18%
fire
15%
Eat
13%

Score Distribution

Percentile by Number Answered

Percent of People with Each Score

Your Score History

You have not taken this quiz